LEADER 01961nam 2200601Ia 450 001 9910455690203321 005 20200520144314.0 010 $a1-280-08409-X 010 $a9786610084098 035 $a(CKB)111098478192298 035 $a(OCoLC)53369943 035 $a(CaPaEBR)ebrary10038990 035 $a(SSID)ssj0000085335 035 $a(PQKBManifestationID)11119561 035 $a(PQKBTitleCode)TC0000085335 035 $a(PQKBWorkID)10009474 035 $a(PQKB)11325281 035 $a(MiAaPQ)EBC3050566 035 $a(Au-PeEL)EBL3050566 035 $a(CaPaEBR)ebr10038990 035 $a(CaONFJC)MIL8409 035 $a(EXLCZ)99111098478192298 100 $a20030227d2003 uy 0 101 0 $aeng 135 $aurcn||||||||| 181 $ctxt 182 $cc 183 $acr 200 10$aAnalyzing and managing banking risk$b[electronic resource] $ea framework for assessing corporate governance and financial risk /$fHennie van Greuning, Sonja Brajovic Bratanovic, with technical advice on treasury management by Jennifer Johnson-Calari 205 $a2nd ed. 210 $aWashington, DC $cWorld Bank$d2003 215 $a1 online resource (383 p.) 300 $aOriginally published under title: Analyzing bank risk. 311 $a0-8213-5418-3 320 $aIncludes bibliographical references and index. 606 $aBank management 606 $aRisk management 606 $aCorporate governance 608 $aElectronic books. 615 0$aBank management. 615 0$aRisk management. 615 0$aCorporate governance. 676 $a332.1/068/1 700 $aGreuning$b Hennie van$0318500 701 $aGreuning$b Hennie van$0318500 701 $aBrajovic Bratanovic$b Sonja$f1946-$0318501 801 0$bMiAaPQ 801 1$bMiAaPQ 801 2$bMiAaPQ 906 $aBOOK 912 $a9910455690203321 996 $aAnalyzing and managing banking risk$92094862 997 $aUNINA LEADER 02350 am 2200673 n 450 001 9910619500403321 005 20211124 010 $a2-7297-1323-9 024 7 $a10.4000/books.pul.37327 035 $a(CKB)4100000012897339 035 $a(FrMaCLE)OB-pul-37327 035 $a(oapen)https://directory.doabooks.org/handle/20.500.12854/95185 035 $a(PPN)265625386 035 $a(EXLCZ)994100000012897339 100 $a20221028j|||||||| ||| 0 101 0 $afre 135 $auu||||||m|||| 181 $ctxt$2rdacontent 182 $cc$2rdamedia 183 $acr$2rdacarrier 200 10$aSourciers et radiesthésistes ruraux /$fRichard Lioger 210 $aLyon $cPresses universitaires de Lyon$d2021 215 $a1 online resource (206 p.) 225 1 $aCRÉA 311 $a2-7297-0469-8 330 $aCet ouvrage nous introduit dans un domaine largement méconnu, fascinant pour beaucoup, irritant pour certains, suspect pour d?autres. Les sourciers radiesthésistes de la société rurale franc-comtoise sont des révélateurs d?eau, mais aussi de la société dans ce qu?elle ne dit pas d?elle-même ou, du moins, sans l?intermédiaire de la baguette de coudrier ou du pendule. L?un des intérêts de ce livre est la contribution originale apportée au domaine encore peu exploré d?une anthropologie du corps et du geste. Par ailleurs, il pose la question de la légitimité d?un savoir populaire mis au service de la communauté. 606 $aAnthropology 606 $aeau 606 $apopulaire 606 $avillage 606 $asociété 606 $acommunauté 606 $asocial 606 $apaysan 606 $arural 610 $aeau 610 $apopulaire 610 $avillage 610 $asociété 610 $acommunauté 610 $asocial 610 $apaysan 610 $arural 615 4$aAnthropology 615 4$aeau 615 4$apopulaire 615 4$avillage 615 4$asociété 615 4$acommunauté 615 4$asocial 615 4$apaysan 615 4$arural 700 $aLioger$b Richard$01342327 701 $aLaplantine$b François$0427029 801 0$bFR-FrMaCLE 906 $aBOOK 912 $a9910619500403321 996 $aSourciers et radiesthésistes ruraux$93065674 997 $aUNINA